Quizzes
Events
Quiz Creation
Community
Videos
Private Events
Remove Ads
Sign In
Join for FREE
Feedback
Dark Mode
Quiz Categories
Sports
Geography
Music
Movies
Television
Just For Fun
Miscellaneous
History
Literature
Language
Science
Gaming
Entertainment
Religion
Holiday
For Kids
Quiz Lab
Recent
Popular Today
Quiz Kudos Today
Editor Picks
Curator Picks
Quizzes by...
Day
Popularity
Type
Ratings
Length
Year
Community
Subscriptions
Recent Discussions
Orange Saloon
Badges
Playlists
Quests
Create
Leaderboards
Showdown
Live 5
Trivia Bingo
Activity
Puzzle Library
Sporcle Events
Private Events
Virtual Trivia
Globe League
Become a Host
Pub Owners
SporcleCon
Opinionation
Our Games
Videos
Blog
Mobile Apps
Partnerships
Remove Ads and Go Orange
Feedback
History
US Presidents
World Leaders
Politics
Nation
Discovery
War
Decade
Year
Century
Biography
Art
History
US Presidents
World Leaders
Politics
Nation
Discovery
War
Decade
Year
Century
Biography
Art
Random Quiz
Search Sporcle
×
Quiz Lab
Quiz Lab
History
Clickable
Select answers by clicking on text or image buttons
Select answers by clicking on text or image buttons
Clickable
Best Score? Go Orange.
Chronologically Clickable US Vice Presidents Stats
Can you pick the Vice Presidents of the USA in the order in which they served?
By
jimmydoom
8m
47 Questions
1,489 Plays
1,489 Plays
1,489 Plays
Comments
Comments
Give Quiz Kudos
Give Quiz Kudos
-
- Ratings
hide this ad
More Info
Forced Order
Answers have to be entered in order
Answers have to be entered in order
Minefield
Wrong answers will end the quiz
Wrong answers will end the quiz
Replay
Link that replays current quiz
Next Quiz
Link to next quiz in quiz playlist
You Got
0%
They Got
Avg Score
42%
Avg Friend Score
Upgrade to see
Score Distribution
Jump to the score distribution portion of the page
Score
0/47
Timer
08:00
0
Plays Today
% Correct
???
95.8%
???
92.9%
???
87.7%
???
79%
???
73.9%
???
69%
???
64.7%
???
62.8%
???
60.1%
???
54.5%
???
54.1%
???
49.6%
???
49.4%
???
49.1%
???
48.3%
???
45.5%
???
43.6%
???
41.7%
???
39.3%
???
38.9%
???
37.7%
???
34.3%
???
34%
???
33.6%
% Correct
???
33.5%
???
31.8%
???
31.6%
???
31.6%
???
30.8%
???
30.2%
???
30%
???
29.9%
???
29.8%
???
29.8%
???
29.2%
???
29.1%
???
28.7%
???
28.6%
???
28.3%
???
28.1%
???
27.9%
???
27.9%
???
27.5%
???
27.1%
???
27%
???
26.8%
???
26.3%
Quiz Playlist
Details
Report
Send in Message
Add To Playlist
More Info:
*gaps in dates indicate time when vice presidency was vacant due to the reason noted in the parenthetical of the clue preceding said gaps.
Clickable:
Select answers by clicking on text or image buttons
Forced Order:
Answers have to be entered in order
Minefield:
Wrong answers will end the quiz
Last Updated: Feb 16, 2017
Quiz Scoreboard
CHALLENGE
Sign Up to Join the Scoreboard
Show All
Scores
Hide
Comments
May contain spoilers
Recently Published
Billboard Blitz: Fleetwood Mac
by CooCooCachoo
Music
15s
Presidents Visiting Landmarks
by Hejman
History
7m
An Introduction to Baseball
by treessimontrees
Sports
5m
More to Explore
Quiz From the Vault
Featured Blog Post
Where Did the Easter Bunny Come From?
hide this ad
You Might Also Like...
Tags
Clickable Quiz
United States Quiz
Vice Presidents
Today's Top Quizzes in History
Browse History
hide this ad
Today's Top Quizzes in Clickable
Browse Clickable
Top Contributed Quizzes in History
1
Popular People in 1991
2
Popular People in 1981
3
Popular People in 1951
4
Popular People in 1941
5
Popular People in 1986
6
Popular People in 1976
7
Popular People in 1921
8
I Am Born On March 28th
9
5-to-1: 20th Century Images of War
10
Popular People in 1946
Explore More
Trending Topics
Disney
Marvel
Crossword
Kpop
Anime
NBA
Harry Potter
Song
NFL
The Office
WWE
Puzzle
Pokémon
Soccer
Country
hide this ad
More By:
jimmydoom
Quiz
Plays
Rating
Category
Featured
Created
Metallica Who Wants to Be a Millionaire
82,586
2.83
Music
Jan 5, 2012
WWF/WWE WrestleMania All-Time Stats and Facts
10,412
4.06
Sports
Dec 5, 2011
Chrono Trigger Who Wants to Be a Millionaire
8,857
3.92
Gaming
Jan 3, 2012
WWF/WWE SummerSlam All-Time Stats and Facts
7,431
4.14
Sports
Dec 6, 2011
WWF/WWE Every Wrestler in Every Survivor Series Title Match
5,432
3.76
Sports
Dec 7, 2011
Go to Creator's Profile
Score Distribution
Quiz Creator Spotlight
jimmydoom
Follow
Send a Message
Quizzes Created
-
Created Quiz Play Count
-
More By This Creator
Popular Quizzes Today
1
Find the US States - No Outlines Minefield
2
Find the Countries of Europe - No Outlines Minefield
3
The Countries of the World
4
Find the US States
5
Risky Map Clicking: Biggest States A-Z
6
US States
7
Popular People in 1961
8
Movies - When Are They Set?
More History Quizzes
► Civil War Battles by Illustration
Editor's Pick
Trending Quizzes
Risky Map Clicking: Least Populous States A-Z
1-10 Letter G Words
1-10 Letter F Words
Risky Map Clicking: Next State Alphabetically
Risky Map Clicking: Biggest States A-Z
Recently Updated
Leaping Animals
pecheneg
Reality TV Shows (A-Z)
bhenderson79
Rickey Henderson's Hall of Fame Teammates
pecheneg
Champions League XIs: Arsenal
pecheneg
Quick Pick: Celebrities in WWE's Hall of Fame
aduchscher
A-Z Keypad Blitz II
pecheneg
Multiple Oscar Actors
pecheneg
Mystery Phrase Blitz: Oscar 'Best Actors'
pecheneg
F. Scott Fitzgerald Novels
LTH
Pick 3 Villains
ddd62291
Trending Topics
Marvel
Anime
Kpop
Disney
Crossword
Harry Potter
NBA
The Office
Song
NFL
WWE
Soccer
Country
Puzzle
Pokémon
Your Account Isn't Verified!
In order to create a playlist on Sporcle, you need to verify the email address you used during registration. Go to your
Sporcle Settings
to finish the process.
Report this User
Report this user for behavior that violates our
Community Guidelines
.
Details:
Send Report
Go to the Sporcle.com Mobile Site →
Comments